1296 1874 1036 1971 1454 1094 1078 1667 1747 1338 1575 1081 1733 1063 1853 1437 1203 1720 1449 1139 1328 1218 1769 1136 1218 1259 1352 1885 1137 1649 1280 1137 1396 1723 1547 1749 1095 1281 1852 1380 1893 1863 1979 1329 1696 1105 1064 1459 1100 1305 1043 1522 1020 1002 1222 1941 1020 1359 1550 1116 1667 1221 1465 1190 1862 1212 1550 1043 1539 1441 1427 1875 1184 1448 1922 1981 1786 1318 1883 1817 1005 1650 1765 1125 1739 1063 1949 1615 1172 1869 1627 1682 1051 1665 1510 1679 1511 1071 1022 BCNSPRNW ULIB Ver.6.0+V

เปลี่ยนเป็นภาษาไทย

Change to English
 แสดงรายละเอียดบรรณานุกรม
  กลับหน้าหลัก

Brief Record : Get Marc (ISO 2709) : E-mail record : QR code < ปิดหน้าต่าง
LEADER : 00000nam 2200000uu 4500
001    13399127483
003     ULIB
008    200610s2020||||th 000 0 tha d
020    ^a9780323567855
060 04 ^aWY154^bT777
245 00 ^aTrauma nursing :^bfrom resuscitation throughrehabilitation /^cKaren A. McQuillan, Mary Beth FlynnMakic
250    ^a5th ed.
260    ^aSt. Louis :^bSaunders Elsevier,^c2020
300    ^axiv, 832 p. :^bill. ;^c28 cm.
650  2 ^aEmergencies^xnursing
650  2 ^aWounds and Injuries^xnursing
700 1  ^aMcQuillan, Karen A.
700 1  ^aMakic, Mary Beth Flynn
945    ^p0^l0^i28389
999    ^aกัณชพร จุลอักษร
รายการนี้ยังไม่มีแท็ก
คุณยังไม่ได้ล็อกอิน คุณสามารถมีกิจกรรมร่วมกับเว็บไซต์ได้ แต่ต้องล็อกอินก่อน ::
  ล็อกอิน

รายการสื่อสารสนเทศ

ลำดับที่ ประเภท เลขเรียก/บาร์โค้ด สถานที่ สถานะ
1. หนังสือสำรอง
หนังสือสำรอง
WY154 T777 ฉ.1 
  Barcode: 28389
ห้องสมุดวิทยาเขตนครสวรรค์
►หนังสือทั่วไป:l:General Books
บนชั้น

รายการใกล้เคียง
    หัวเรื่อง [Emergencies nursing]

BibComment


ยังไม่เคยถูกคอมเมนท์

คอมเมนท์ทรัพยากรรายการนี้
  คอมเมนท์: Trauma nursing ..


 Copyright 2026. Bcnsprnw @Library